[Event "EU-ch 2nd"]
[Site "Ohrid"]
[Date "2001.06.12"]
[Round "11"]
[White "Pigusov, Evgeny"]
[Black "Godena, Michele"]
[Result "1/2-1/2"]
[WhiteElo "2584"]
[BlackElo "2494"]
[Annotator "Finkel,A"]
[PlyCount "139"]
[EventDate "2001.06.01"]
[EventType "swiss"]
[EventRounds "13"]
[EventCountry "YUG"]
[SourceTitle "CBM 084"]
[Source "ChessBase"]
[SourceDate "2001.09.13"]
[SourceVersion "1"]
[SourceVersionDate "2001.09.13"]
[SourceQuality "1"]

1. Nf3 d5 2. g3 Nc6 3. d4 Bf5 4. Bg2 Nb4 5. Na3 e6 6. c3 (6. O-O Be7 7. c3 Na6
8. Qb3 Qc8 9. Re1 c6 10. Bg5 Be4 11. Bxe7 Nxe7 12. Nb1 Bxf3 13. Bxf3 O-O 14. e4
$14 {Bareev,E-Morozevich,A/Elista 1995/CBM 50}) 6... Na6 (6... Nc6 7. Nb1 (7.
Nc2 Be7 8. Bf4 Be4 9. h4 Nf6 10. h5 h6 11. Qd2 Bd6 12. O-O-O a5 13. Nfe1 a4 14.
f3 Bh7 15. Nd3 Na5 $13 {Lengyel,F-Donka,P/HUN 1995/EXT 2000}) (7. Qb3 Rb8 8.
Nh4 Bg4 9. e4 dxe4 10. Bxe4 Nf6 11. Bg5 Be7 12. Bxf6 Bxf6 13. h3 Bh5 14. Qb5
$14 {Timman,J-Nogueiras,J/Yerevan 1996/EXT 97}) 7... Nf6 8. O-O Be7 9. Nbd2 h6
10. Ne5 Nxe5 11. dxe5 Nd7 12. f4 c6 13. e4 dxe4 14. Nxe4 Nc5 $11 {Vadasz,
L-Gonzales,G/Gyula 1997/CBM 58 ext}) 7. Qb3 (7. O-O c6 8. Qb3 Qb6 9. Bf4 Be4
10. c4 Qxb3 11. axb3 f6 12. h4 Ne7 13. Bd2 Nf5 14. Bc3 Bxa3 15. bxa3 Rd8 16. c5
$14 {Zhuravlev,V-Karavaev,V/Azov 1996/CBM 56}) 7... Qc8 {This move appears to
be a novelty, but it doesn't change much about the position: black still has
to work very hard to reach an equality.} (7... Rb8 8. Nh4 (8. O-O Be7 9. c4 Nf6
10. Qa4+ c6 11. Bf4 Ra8 12. Ne5 Qc8 13. Rac1 $14 {Arsovic,Z-Perovic,D/Niksic
1996/EXT 2000}) (8. Bf4 Bd6 9. Bxd6 Qxd6 10. Nb5 Qe7 11. c4 c6 12. Nc3 Nf6 13.
O-O h6 14. Ne5 O-O 15. f3 Nd7 $11 {Kopulova,L-Buechmann,O/Kiel 2000/EXT 2001})
8... c6 9. Nxf5 exf5 10. f3 Nf6 11. O-O Be7 12. e4 fxe4 13. fxe4 dxe4 14. Bxe4
O-O 15. Bg2 $14 {Krasenkow,M-Sobjerg,E/Copenhagen 1996/CBM 54}) 8. Nh4 Bg4 (
8... Bg6 9. Nxg6 hxg6 10. e4 c6 11. e5 Ne7 12. h4 $14) 9. e4 c6 10. h3 Bh5 11.
exd5 cxd5 ({The danger of} 11... exd5 $6 {shows following variation:} 12. O-O
Bd6 13. Re1+ Ne7 14. Nb5 $1 cxb5 (14... Bb8 15. Qa3 Qd7 16. Nf5 $1 $18 {
[%cal Ge1e8]}) 15. Qxd5 $18 {[%csl Rd6,Rh5]}) 12. O-O Bxa3 $6 (12... Be7 13.
Nb5 Nf6 14. Bf4 Qd7) 13. Qxa3 Ne7 14. g4 Bg6 15. Bf4 (15. Nxg6 hxg6 16. Bf4 Qd7
17. Bg3 O-O 18. Qd6 $14) 15... Qd7 16. Rfe1 Nc7 17. Re3 (17. Bg3 $5 {[%cal
Gf2f5]} Nb5 $6 18. Qb3 Nd6 19. Bxd6 Qxd6 20. Qxb7 Rb8 21. Qxa7 Rxb2 22. Nxg6
Nxg6 23. Rab1 Rxb1 24. Rxb1 $16) 17... Qd8 18. Qa4+ (18. Bg3 $5 {[%cal Gf2f5,
Ga1e1]}) 18... Qd7 19. Qb4 Na6 20. Qa3 Nb8 (20... O-O $2 21. Bd6 Rfe8 22. Bxe7
Rxe7 23. Bxd5 $18 {[%csl Re7]}) 21. Bxb8 $5 Rxb8 22. f4 (22. Qxa7 O-O 23. Qa3
$16) 22... Bc2 23. Rc1 (23. Qxa7) 23... Ba4 24. Nf3 $5 {White's position is so
strong that he decides not to take the pawn, but to keep the pressure} (24. b3
$5) 24... O-O 25. Ne5 Qe8 26. f5 Bc6 27. Rce1 Qd8 28. Rf1 (28. fxe6 fxe6 29.
Nd3 {[%csl Re6]} (29. Nxc6 Nxc6 30. Rxe6 Qh4 31. R6e2 Qg3 $16) 29... Ng6 30.
Rxe6 Qh4 31. Qd6 $18) 28... exf5 29. gxf5 Re8 30. f6 Ng6 31. Nxf7 Qc7 32. Rxe8+
(32. Ne5 $18) 32... Rxe8 33. Nh6+ Kh8 (33... gxh6 34. f7+ $18) 34. Qd6 $2 {
Nice move, but unfortunetly very bad one! After simple} (34. fxg7+ Qxg7 35. Nf5
Qf6 36. Qd6 $18 {white would get easily winning endgame, while after the move
in the game white knight is trapped and white has to give up the pawn.}) 34...
Qxd6 35. Nf7+ Kg8 36. Nxd6 Rd8 37. f7+ (37. Nf5 gxf6 38. Nh6+ Kg7 39. Ng4 Rf8
40. Ne3 Ne7 $14) 37... Kf8 38. Ne8 Bxe8 $6 (38... Rd7 $1) 39. fxe8=Q+ Kxe8 40.
Rf5 Ne7 41. Rf4 Rd6 42. Bf1 {[%csl Ga6]} (42. Kf2 $2 Ra6 43. a3 Rb6 44. b4 Ra6
$15 {[%csl Ra3]}) 42... a6 43. Bd3 h6 44. h4 Rb6 45. b3 Rc6 46. c4 dxc4 47.
bxc4 Rb6 48. c5 (48. Kg2 $5) 48... Rb4 $1 $11 {[%csl Rd4]} 49. Be4 g5 50. hxg5
hxg5 51. Rg4 Kd8 52. Rxg5 Rxd4 53. Bxb7 Rd1+ 54. Kf2 Rd2+ 55. Ke3 Rxa2 56. Rh5
a5 57. Kd3 a4 58. Rh8+ Kc7 59. Be4 Ra1 60. Rh7 Kd8 61. Rh8+ Kc7 62. Ra8 Nc6 63.
Rh8 Ne7 64. Rh7 Kd8 65. Kd2 a3 66. Rh8+ Kc7 67. Ra8 a2 68. Ra7+ Kb8 69. Ra8+
Kc7 70. Ra7+ 1/2-1/2

[Event "Poikovsky Karpov 02nd"]
[Site "Poikovsky"]
[Date "2001.05.01"]
[Round "1"]
[White "Lputian, Smbat G"]
[Black "Rublevsky, Sergei"]
[Result "1/2-1/2"]
[WhiteElo "2607"]
[BlackElo "2657"]
[Annotator "Finkel,A"]
[PlyCount "119"]
[EventDate "2001.05.05"]
[EventType "tourn"]
[EventRounds "9"]
[EventCountry "RUS"]
[EventCategory "15"]
[SourceTitle "CBM 084"]
[Source "ChessBase"]
[SourceDate "2001.09.13"]
[SourceVersion "1"]
[SourceVersionDate "2001.09.13"]
[SourceQuality "1"]

1. d4 d5 2. Nf3 e6 3. g3 c5 4. Bg2 cxd4 5. O-O Nf6 6. Nxd4 e5 7. Nb3 Be6 8. Bg5
(8. Nc3 Be7 9. f4 exf4 10. gxf4 g6 11. Nd4 (11. Kh1 Nc6 12. Be3 O-O 13. Nd4 Ng4
14. Nxe6 fxe6 15. Bg1 Nh6 16. e4 dxe4 17. Nxe4 Qc7 18. c3 $1 $14 {Romanishin,
O-Ulybin,M/Moscow (ol) 1994/1/2-1/2 (69)}) 11... Bc5 $5 $146 (11... Bg4 12. h3
$1 (12. Qd3 Nc6 13. h3 {1/2-1/2 Krasenkov,M-Horvath,J/Budapest Noviki-A 1989})
12... Bh5 $140 13. Nb3 {[%csl Rd5]}) 12. Na4 Bxd4+ 13. Qxd4 Nc6 14. Qc3 $6 d4
$1 15. Bxc6+ $142 (15. Qa3 {Koniushkov,I-Ulibin,M/RUS-Cup6 1997/0-1(49)}) 15...
bxc6 16. Qxc6+ Kf8 $1 (16... Bd7 17. Qc4 $16) 17. Nc5 Bf5 $44) 8... Nbd7 9. e3
(9. e4 dxe4 10. Nc3 {This line doesn't give white too much chances to get
advantage.Black has enough time to finish development.} (10. Bxe4 $6 Qc7 11.
Bg2 Be7 12. Nc3 a6 13. Re1 O-O $11 {Nehse,G-Prudnikova,S/Halle-W 1987/0-1(38)})
10... Qc7 $5 $146 (10... Be7 11. Bxf6 $6 Nxf6 12. Nxe4 Qc7 13. Nxf6+ (13. Qf3
Rb8 14. Qc3 Rc8 15. Nxf6+ Bxf6 16. Qb4 b6 $11 {Van de Mortel,J-Hracek,Z/NED
2000/CBM 76}) 13... Bxf6 14. c3 Rd8 15. Qf3 b6 16. Rfd1 O-O 17. Qc6 Qxc6 18.
Bxc6 Bg5 $15 {^^_|_ Csom,I-Forintos,G/HUN-chT 1993/1/2-1/2 (43)}) (10... h6 $5)
11. Nxe4 Nxe4 12. Bxe4 h6 13. Bd2 Be7 $11 {Savchenko,S-Rublevsky,S/Luzern 1997/
CBM 62}) (9. Nc3 $5 h6 $6 (9... Be7 $5) 10. Bxf6 Nxf6 11. Qd3 $1 {[%cal Yd3b5,
Ga1d1] @} Qd7 (11... Rc8 12. Rad1 d4 13. Qb5+ Nd7 14. Nd5 Rxc2 15. Rc1 $16 {
Simic,R-Horvath,J/JUG-chT Igalo 1994/1-0 (46)}) 12. Rad1 d4 13. Ne4 Rc8 14. c3
dxc3 15. Qf3 Qe7 16. Nxc3 e4 17. Qe3 $16 {/+- Anikaev,Y-Totsky,L,Smolensk,1991/
1-0}) 9... h6 10. Bxf6 Nxf6 11. Qe2 Be7 12. Rd1 $5 (12. Nc3 Qc8 13. Rad1 e4 14.
Nd4 Bd7 15. f3 Bb4 16. Ndb5 a6 17. a3 Bc5 18. Nd4 $13 {Lputian,S-Rublevsky,S/
New Delhi/Theran 2000/CBM 80}) 12... Qc8 13. Nc3 e4 14. Nd4 Bd7 $5 {Deciding
to keep the bishop, although also after} (14... O-O 15. Nxe6 fxe6 16. Bh3 Qc6
17. Nb5 e5 18. c4 dxc4 19. a4 a6 20. Nc3 Bb4 21. Qc2 b5 $15 {black is doing
fine; Wojtkiewicz,A-Rublevsky,S/Frankfurt 2000/CBM 76}) 15. f3 (15. a3 O-O 16.
f3 exf3 17. Bxf3 Bc6 18. Qd3 Bc5 $11) 15... Bb4 $5 (15... exf3 16. Bxf3 Bc6 17.
Nxc6 bxc6 18. e4 dxe4 19. Nxe4 O-O $11) 16. Ndb5 O-O 17. fxe4 (17. Nxd5 $6 Nxd5
18. Rxd5 exf3 $1 (18... Bc6 19. fxe4 Bxd5 20. exd5 Bc5 21. Rd1 a6 22. Nd4 $14)
19. Bxf3 Bc6 20. Rd4 Bc5 $36) 17... dxe4 18. Nd6 (18. Nxe4 Nxe4 19. Bxe4 Bg4
20. Bf3 Bxf3 21. Qxf3 Qxc2 $15) 18... Bg4 $1 (18... Bxd6 19. Rxd6 Bg4 20. Qf2
$14) 19. Nxc8 Bxe2 20. Nxe2 Raxc8 21. c3 Bc5 22. Nd4 $13 {The first impression
is that white stands slightly better due to strong knight on d4 and weakness
of the black pawn on e4, but after a couple of moves it becomes clear that
black has sufficient counterplay.} Rfe8 23. Bh3 {[%csl Gg4]} Rcd8 24. Kf2 (24.
b4 $6 Bxd4 25. Rxd4 Rxd4 26. exd4 Nd5 27. Rc1 e3 28. Kf1 e2+ 29. Ke1 Re3 $1 $17
{[%csl Rc3]}) 24... a5 25. Ke2 Rd5 {[%cal Gd5h5] Now it's clear that black is
in charge of situation and white has to be careful to keep the balance.} 26.
Nf5 $8 Rde5 $1 (26... Rxd1 $2 27. Rxd1 $16) (26... Red8 27. Rxd5 Rxd5 28. Rd1
Rxd1 29. Kxd1 g6 30. Nd4 Nd5 31. Kd2 f5 32. Bf1 $11) 27. Rf1 $5 (27. Rd2 g6 $5
28. Nxh6+ Kg7 29. Ng4 Nxg4 30. Bxg4 f5 31. Bh3 Rh8 32. Bg2 Rxh2 33. Kf2 $11)
27... Nd5 28. Rad1 a4 {[%cal Ga4a3]} 29. c4 $6 (29. Rd2 $5) 29... Nb6 30. b3
Ra8 $15 31. Rd2 axb3 32. axb3 Ra3 33. Rb1 g6 $1 $17 {[%cal Ge5h5]} 34. Nxh6+
Kg7 35. Ng4 Rh5 36. Bg2 f5 37. b4 $8 (37. Ne5 $2 Rxh2 38. Kf2 Kf6 $19) 37...
Be7 38. Ne5 Rxh2 39. Kf2 Bg5 {[%csl Re3]} 40. Re1 $8 (40. Re2 $2 Kf6 41. c5
Kxe5 42. cxb6 Bxe3+ 43. Kf1 Bxb6 $19) 40... Kf6 41. c5 $8 Kxe5 42. cxb6 Rb3 $6
(42... Bxe3+ $5 43. Rxe3 Rxg2+ 44. Kxg2 Rxe3 45. Rd7 Re2+ 46. Kf1 Rb2 47. Rxb7
Rxb4 48. Rb8 Kd4 49. b7 Ke3 $19) 43. Ree2 Rh8 $5 {[%csl Rb4,Rb6]} (43... Bxe3+
$5) (43... Rxb4 44. Rb2) 44. Rd7 Rb8 45. Rg7 Kf6 46. Rd7 Rxb4 47. Rd6+ Kg7 48.
Bh3 {[%cal Gg3g4]} Rb3 $6 (48... Rd8 $5 49. Red2 Rxd6 50. Rxd6 Rb2+ 51. Kf1
Bxe3 52. Rd7+ Kf6 53. Rxb7 Bxb6 $19) 49. g4 fxg4 50. Bxg4 Rf8+ 51. Kg2 Bxe3 52.
Be6 Rxb6 53. Rd7+ Kh6 54. Bd5 Bc5 55. Rxe4 $15 {[%csl Rb7]} Rb2+ $6 (55... Rb8
$5 $17) 56. Kg3 b6 $2 (56... Bf2+ $1 {[%csl Gh4]} 57. Kg4 b5 $17) 57. Rh4+ $11
Kg5 58. Rg4+ Kf6 59. Rf4+ Ke5 60. Re4+ 1/2-1/2

[Event "Goodricke op 13th"]
[Site "Kolkata"]
[Date "2002.03.17"]
[Round "1"]
[White "Yogesh, Gore"]
[Black "Fominyh, Alexander"]
[Result "0-1"]
[WhiteElo "2333"]
[BlackElo "2536"]
[Annotator "Finkel,A"]
[PlyCount "77"]
[EventDate "2002.03.17"]
[EventType "swiss"]
[EventRounds "11"]
[EventCountry "IND"]
[SourceTitle "CBM 088"]
[Source "ChessBase"]
[SourceDate "2002.03.21"]
[SourceVersion "1"]
[SourceVersionDate "2002.03.21"]
[SourceQuality "1"]

1. d4 Nf6 2. Nf3 c5 3. g3 cxd4 4. Nxd4 d5 5. Bg2 e5 6. Nb3 Be6 (6... a5 7. a4
Be6 8. O-O Nc6 9. Bg5 Be7 10. c3 Qd7 11. N1d2 Rd8 12. Qc2 Bf5 13. Qc1 O-O 14.
Bxf6 Bxf6 15. e4 dxe4 16. Nxe4 $11 {Huber,H-Bromberger,S/Germany 1997/EXT 99})
7. O-O (7. c4 Nc6 8. cxd5 Bb4+ 9. Bd2 Bxd5 10. Bxd5 Qxd5 11. O-O Rd8 12. Qc2
Bxd2 13. N1xd2 O-O $11 {Preuss,H-Palkovi,J/Wuerttemberg 1993/GER}) (7. Bg5 Nbd7
8. e4 dxe4 9. Bxe4 Qc7 10. Bg2 h6 11. Bxf6 Nxf6 12. O-O Be7 13. Nc3 O-O $11 {
Chis,E-Nutu Gajic,D/ROM 1994/EXT 97}) 7... Be7 (7... h6 $6 8. Nc3 Nc6 9. e4 d4
10. Ne2 Qb6 11. c3 Rd8 12. cxd4 exd4 13. Nf4 $14 {Dettmann,G-Westphal,W/GER
1996/EXT 2001}) (7... Nc6 8. e3 Qd7 9. Nc3 Be7 10. f4 e4 11. Nb5 O-O 12. N5d4
Bg4 13. Qd2 Rfd8 $15 {Nabeel,M-Rupasinghe,S/Singapore 1990/EXT 97}) 8. Bg5 $6 {
After this move white is the one who has to fight for equality.} (8. c3 O-O 9.
Bg5 Nbd7 10. h3 a5 11. a4 Ne4 12. Bxe7 Qxe7 13. N3d2 Nd6 14. Kh2 Rad8 $15 {
Vidonyak,N-Legde,G/GER 1999/EXT 2000}) 8... Nbd7 9. Nc3 (9. h3 Ne4 10. Bxe7
Qxe7 11. N1d2 Nd6 12. e4 d4 13. f4 f6 14. Rc1 Rc8 $132 {Kalinin,V-Condie,M/
Bath 1987/CBM 04}) 9... h6 10. Bxf6 Nxf6 11. Qd2 $6 (11. Qd3) 11... Rc8 12.
Rad1 Bb4 $15 13. Qe3 Bxc3 14. bxc3 Qc7 15. f4 $8 {The only chance for
counterplay.} Qxc3 16. Rd3 ({Bad was} 16. Qxe5 $2 Qxe5 17. fxe5 Ng4 $140 {
[%csl Rc2,Re5]} 18. Bxd5 Bxd5 19. Rxd5 Ne3 $19) 16... Qc7 $1 (16... Qxc2 $6 17.
f5 Bd7 18. Qxe5+ Kf8 19. Bxd5 $13) 17. f5 $6 {White is getting too optimistic.
He had to go for} (17. fxe5 Ng4 18. Qxa7 {with unclear position.} Nxe5 19. Rd2
Nc4 20. Rdd1 $132) 17... d4 $5 18. Nxd4 Bc4 19. Rc3 O-O 20. Nb3 b5 {[%csl Rc3]}
21. Nd2 (21. h3 b4 $19) 21... Ng4 {[%cal Gc7b6]} 22. Qf3 Qb6+ 23. Kh1 Bd5 $1
24. Qxg4 $6 (24. e4 Rxc3 25. Qxc3 Bxa2 (25... Bb7 $5) 26. h3 Ne3 27. Ra1 Bc4
$17) 24... Bxg2+ 25. Kxg2 Rxc3 $19 {Black is just an exchange up, while
white's attempts to create something on the kingside are doomed to fail.} 26.
f6 g6 27. Ne4 Rc4 28. Rf3 Qd4 29. Qh4 h5 30. Qg5 Kh7 31. Nf2 e4 (31... Rxc2 $5
$19) 32. Rf4 Qc5 33. Qh4 Qd5 34. e3 Rxc2 35. g4 Rh8 (35... Rxa2 36. Rf5 Rxf2+
37. Rxf2 Rc8 $19) 36. Rf5 Rxf2+ $6 ({Better was} 36... gxf5 $1 37. Qxh5+ (37.
Qg5 Rxf2+ 38. Kxf2 Qd2+ 39. Kg3 Qe1+ 40. Kg2 Qe2+ $19) 37... Kg8 38. Qg5+ Kf8
39. Qg7+ Ke8 40. Qxh8+ Kd7 $19 {with an easy win.}) 37. Rxf2 Kg8 38. Rc2 Qd7
39. h3 $15 0-1

[Event "RUS-ch qual 57th"]
[Site "St Petersburg"]
[Date "2004.05.29"]
[Round "8"]
[White "Burmakin, Vladimir"]
[Black "Kuzmin, Alexey"]
[Result "1/2-1/2"]
[WhiteElo "2571"]
[BlackElo "2567"]
[Annotator "Finkel,A"]
[PlyCount "83"]
[EventDate "2004.05.21"]
[EventType "swiss"]
[EventRounds "9"]
[EventCountry "RUS"]
[SourceTitle "CBM 102"]
[Source "ChessBase"]
[SourceDate "2004.09.23"]
[SourceVersion "1"]
[SourceVersionDate "2004.09.23"]
[SourceQuality "1"]

1. d4 Nf6 2. g3 d5 3. Nf3 c6 4. Nbd2 Bf5 (4... e6 5. Bg2 Be7 6. O-O O-O 7. b3
b6 8. Bb2 Bb7 9. c4 Nbd7 10. Qc2 Rc8 $13 {1/2-1/2 Blot,J-Malakhov,V/Lvov 1999/
EXT 2002 (34)}) 5. Nh4 {White can't fight for opening advantage in this line,
but it's not such a bad way to deviate from the theory.} (5. Bg2 h6 6. O-O e6
7. Ne5 Nbd7 8. Nd3 Qb6 9. Nf3 Be7 10. c3 a5 11. a4 Qa6 12. Nfe5 Nxe5 13. Nxe5
c5 14. e3 Bd6 15. f4 {1/2-1/2 De la Cruz Lopez,J-Rojo Huerta,G/Madrid 1993/EXT
97 (15)}) 5... Bg4 6. h3 Bh5 7. g4 Bg6 8. Bg2 (8. g5 Nfd7 9. Nxg6 hxg6 10. Nf3
Qc7 11. Qd3 e6 12. e4 Bd6 13. e5 Be7 14. c3 c5 $132 {Fyllingen,R-Gausel,E/
Bergen 2001}) 8... e6 9. Nxg6 (9. c3 Bd6 10. Nxg6 hxg6 11. e4 dxe4 12. Qb3 (12.
Nxe4 Nxe4 13. Bxe4 Nd7 $11) 12... Qc7 13. Nc4 Be7 $13 14. Bf4 $140 $2 Qxf4 15.
Qxb7 Nd5 16. Qxa8 Qc7 $17) 9... hxg6 10. c4 $6 {White is trying too hard to
play originally! After trading black lightsquared bishop for nthe knight he
should've played for e4 break.} (10. c3) 10... Nbd7 11. Qb3 Qc7 12. cxd5 exd5
13. Qe3+ Be7 14. Nb3 (14. g5 Nh5 15. Nf3 Nf8 16. h4 Ne6 17. Bd2 Nhf4 18. Bf1 a5
$132) 14... Nb6 {Preparing a castle.} 15. Nc5 O-O 16. Bf3 (16. g5 Nh5) 16...
Rfe8 17. Qc3 Bd6 18. Qc2 Nc4 19. b3 (19. O-O Qe7 20. b3 Nb6 21. Bb2 Bb8 $36 {
[%cal Ge7c7]}) 19... Bxc5 $1 {Concrete approach to the position. Black knights
are at least as strong as white bishops' pair.} 20. dxc5 Qa5+ 21. Kf1 Ne5 22.
Be3 (22. Kg2) (22. Bg2 $6 Ned7 23. Be3 Rxe3 24. fxe3 Nxc5 $17 {[%csl Rf1][%cal
Gc5e4,Ga5c7,Gc7g3]}) 22... Nxf3 23. exf3 Nd7 24. h4 Rad8 25. h5 (25. Kg2) 25...
gxh5 26. Bd4 (26. gxh5 Re6 27. h6 Qb5+ 28. Kg2 Rg6+ $19) 26... Nf8 27. gxh5 $6
{Too optimistic. After more reasonable} (27. Rxh5 Re6 28. a3 Rde8 29. b4 Qb5+
30. Kg2 Re1 31. Rh1 Rxa1 32. Bxa1 $13 {the position remains unclear.}) 27...
Ne6 28. Rh4 Nxd4 29. Rxd4 Re5 (29... Qc7 30. Kg2 Qe5 31. Qd3 Re6 32. Rh1 Rh6
$17) 30. h6 gxh6 $6 {Missing a chance to punish white for his oping
experiments.} (30... Rh5 $5 31. hxg7 f5 (31... Rh1+ $2 32. Kg2 Rxa1 33. Rh4
Kxg7 34. Qf5 Rg1+ 35. Kxg1 Qe1+ 36. Kg2 Qe6 37. Qf4 $36) 32. Rad1 Re8 $40) 31.
Rg4+ Kh8 $6 (31... Rg5 32. Rxg5+ hxg5 33. Kg2 Qc7 34. Rh1 Qe5 35. Qh7+ Kf8 $17)
32. Qc1 Re6 33. Qb2+ d4 34. Rxd4 Rxd4 35. Qxd4+ Kg8 36. Rd1 Qxa2 37. Qd8+ Kg7
38. Qd4+ Kh7 39. Qd3+ Kg7 40. Qd4+ Kh7 41. Qd3+ Rg6 42. Qc4 1/2-1/2

[Event "Sarajevo Bosnia 34th"]
[Site "Sarajevo"]
[Date "2004.05.18"]
[Round "1"]
[White "Dizdarevic, Emir"]
[Black "Kozul, Zdenko"]
[Result "1/2-1/2"]
[WhiteElo "2520"]
[BlackElo "2627"]
[Annotator "Finkel,A"]
[PlyCount "67"]
[EventDate "2004.05.18"]
[EventType "tourn"]
[EventRounds "9"]
[EventCountry "BIH"]
[EventCategory "15"]
[SourceTitle "CBM 101"]
[Source "ChessBase"]
[SourceDate "2004.07.27"]
[SourceVersion "1"]
[SourceVersionDate "2004.07.27"]
[SourceQuality "1"]

{[%mdl 64]} 1. Nf3 Nf6 2. g3 d5 3. Bg2 g6 4. d4 Bg7 5. O-O O-O 6. Ne5 {Giving
up the idea to fight for opening advantage.} Ne8 $5 {[%cal Gc7c5] Black has
many different ways to equalize after white's last move, but his move
indicates at his agressive intentions.} (6... c6 7. c3 (7. Nd2 Nbd7 8. f4 $5
Qb6 9. e3 Nxe5 10. fxe5 Ng4 11. Nf3 f6 12. h3 Nh6 13. Kh2 Bf5 14. c3 Be4 $15 {
Trichkov,V-Pribyl,J/Lazne Bohdanec 1994}) (7. Nc3 Nbd7 8. Nxd7 Nxd7 9. e4 dxe4
10. Nxe4 Nf6 11. Ng5 h6 12. Nf3 Bg4 13. h3 Be6 $11 {Dominguez,J-Martin,F/Mesa
op2 1992 (28)}) (7. c4 dxc4 8. Na3 Ng4 9. Naxc4 Nxe5 10. Nxe5 Nd7 11. Nf3 Nb6
12. e3 Bf5 13. Qe2 Be4 $11 {Dizdarevic,E-Boric,M/Rabac 2003}) 7... Nfd7 $5 (
7... Ne8 $6 8. Nd2 Nd7 9. Nxd7 Bxd7 10. e4 dxe4 11. Nxe4 Nd6 12. Nc5 $14 {
Negulescu,A-Shahade,G/New York 1999}) 8. Nd3 e5 9. dxe5 Nxe5 10. Nxe5 Bxe5 11.
Nd2 Bg7 12. Nb3 Nd7 $11 {1/2-1/2 Bornemann,W-Sieg,U/BL2-N9697 1997}) (6... Nbd7
7. c4 Nxe5 8. dxe5 Ng4 9. cxd5 Nxe5 10. Nc3 c6 11. Qa4 cxd5 12. Nxd5 e6 $11 {
Nielsen,J-Jorgensen,J/DEN-chT 1990}) 7. Nc3 e6 (7... c5 8. Nxd5 cxd4 $13) 8. e4
c5 9. Be3 cxd4 (9... Nc6 10. exd5 exd5 11. Nxd5 cxd4 12. Nxc6 bxc6 13. Nb4 Qb6
$13) 10. Bxd4 Nd6 $6 {Quite strange idea to put it mild. Black sacrifices a
pawn hoping that his darksquared bishop will provide him sufficient
counterplay.} (10... Nc6 11. Nxc6 bxc6 12. Re1 (12. Bxg7 Nxg7 13. Na4 Qa5 14.
c3 Rd8 15. b4 Qc7 16. Qc2 e5 $13) 12... Bxd4 13. Qxd4 Qb6 14. Qd2 Qxb2 15. exd5
cxd5 16. Rab1 Qa3 17. Nxd5 exd5 18. Qxd5 Nc7 19. Qe5 Be6 20. Qxc7 Rac8 21. Qe5
Rxc2 $15) 11. exd5 Nf5 12. Nf3 Nxd4 13. Nxd4 exd5 14. Nxd5 $16 Bd7 (14... Nc6
15. Nxc6 bxc6 16. Nb4 $16) 15. c3 Nc6 16. Nc2 $6 {Instead of initiating some
trades white is trying to deviate from those offered by black!} (16. Nxc6 Bxc6
17. Ne3 Qf6 18. Bxc6 Qxc6 19. Qd5 $16) 16... Ne5 17. Nce3 h5 18. Qb3 h4 19.
Rad1 (19. Qxb7 Rb8 20. Qxa7 h3 21. Bh1 Rxb2 22. Rfd1 Kh8 $16) 19... h3 20. Bh1
Rb8 21. Nf4 (21. f4 Ng4 (21... Nc6 22. f5 $16) 22. Nxg4 Bxg4 23. Bf3 Be6 24.
Qb4 Re8 $16) 21... Qc8 22. Rd6 Re8 23. Rfd1 Bg4 24. R1d2 $6 b5 25. Bd5 Nc4 (
25... b4 $5) 26. Bxc4 bxc4 27. Qc2 Bf5 (27... Be5 28. Rxg6+ $140 $2 fxg6 29.
Qxg6+ Bg7 30. Qxg4 Qxg4 31. Nxg4 Re1#) 28. Qc1 Bh6 $44 29. R6d4 (29. Nfd5)
29... Bd3 30. Nxd3 cxd3 31. R4xd3 Qe6 32. Qf1 Qxa2 33. Qxh3 Bxe3 34. Rxe3
1/2-1/2

[Event "BIH-chT"]
[Site "Neum"]
[Date "2004.06.04"]
[Round "7.2"]
[White "Kosic, Dragan"]
[Black "Savanovic, Aleksandar"]
[Result "1/2-1/2"]
[WhiteElo "2501"]
[BlackElo "2396"]
[Annotator "Finkel,A"]
[PlyCount "84"]
[EventDate "2004.05.29"]
[EventType "team"]
[EventRounds "9"]
[EventCountry "BIH"]
[SourceTitle "CBM 102"]
[Source "ChessBase"]
[SourceDate "2004.09.23"]
[SourceVersion "1"]
[SourceVersionDate "2004.09.23"]
[SourceQuality "1"]
[WhiteTeam "Sarajevo Napredak"]
[BlackTeam "Banja Luka"]
[WhiteTeamCountry "BIH"]
[BlackTeamCountry "BIH"]

1. d4 d5 2. Nf3 Nf6 3. Bf4 e6 4. e3 Be7 5. Bd3 O-O 6. Nbd2 c5 7. c3 Nc6 8. Ne5
cxd4 (8... Nxe5) 9. exd4 Nxe5 10. dxe5 Nd7 11. Nf3 Nc5 (11... f5 12. Nd4 Nc5
13. Bc2 Bg5 14. Bxg5 Qxg5 15. O-O $16 {Needelman,G-Kruger,E/Villa Giardino 2002
}) 12. Bc2 Bd7 13. h4 $6 {Black has no choice, but to play f5 sooner or later,
so advance of an h-pawn is useless. White should've castled instead with
better chances.} (13. O-O f5 14. exf6 gxf6 (14... Bxf6 15. Bd6 Be7 16. Bxe7
Qxe7 17. Qd4 Rac8 18. Rfe1 $14) 15. Nd4 Rf7 (15... e5 $2 16. Nf5 Bxf5 17. Bxf5
exf4 18. Qg4+ Kh8 19. Qh5 $18) 16. Be3 Rc8 17. Qh5 Bf8 18. Rae1 $36) 13... f5
14. exf6 (14. Nd4 Qb6 15. Rb1 Qa6 16. Bg5 Rae8 17. Bxe7 Rxe7 $13) 14... gxf6
15. h5 {One bad move drags another. White is desperately trying to make use of
h4, thus causing to himself more and more damage.} Ne4 (15... Kh8) 16. Bh6 Rf7
17. Be3 Qc7 18. Rh4 $6 Bc5 $2 {There was no reason to refrain from f5:} (18...
f5 19. Rh1 (19. Bf4 Qb6 $19 {[%csl Rf2,Rh4]}) 19... Bf6 $15 {[%cal Ge4c3,Gf5f4]
}) 19. Bxc5 {White doesn't grab a chance to regain an advantage after} (19. Qe2
$1 Bxe3 20. Qxe3 Nc5 21. O-O-O Kh8 22. g4 $14) 19... Qxc5 20. Bxe4 (20. Qe2 $2
Nxc3 $19) 20... dxe4 21. Rxe4 Qxh5 $13 {After the mutual inaccuracies arising
position should be assessed as balanced.} 22. Rh4 Qb5 23. Qd2 e5 24. O-O-O Bf5
25. Qe3 Qa6 26. a3 Qe6 {[%csl Rc1][%cal Ge6a2] Black is trying to exploite the
weakness of a light squares around the white king, but white is on guard.} 27.
Rb4 $5 {[%csl Gb2]} (27. g4 Bg6 28. Nd2 Qa2 (28... Qd5 29. Rhh1 Qd3 30. Qxd3
Bxd3 31. Rhe1 $11) (28... Rd7) 29. Ne4 b5 30. f3 a5 31. Qd3 b4 32. Qd5 $11)
27... Qa2 28. Rd6 {[%cal Gc1d2]} Qb1+ 29. Kd2 b6 30. Nh4 Bg6 31. Ke2 Raf8 32.
Rd1 Qc2+ 33. Rd2 Qb1 34. Rd1 Qc2+ 35. Rd2 Qb1 36. Qh6 Rg7 37. Qe3 Rgf7 38. g3
Bc2 39. Rg4+ Bg6 40. Nxg6 hxg6 41. Qh6 Rg7 42. Rh4 Qf5 1/2-1/2